|
|
|
|
| LEADER |
00912cam a2200241 a 4500 |
| 001 |
0000079234 |
| 005 |
20060210090000.0 |
| 040 |
|
|
|a mod
|
| 041 |
|
|
|a eng
|
| 020 |
0 |
0 |
|a 0323016278
|
| 090 |
0 |
0 |
|a 610.73
|b NUR
|c f
|e 1998
|
| 245 |
0 |
0 |
|a Nursing care plans
|b nursing diagnosis and intervention
|c edited by Meg Gulanick...[et al.]
|
| 250 |
0 |
0 |
|a 5th ed.
|
| 260 |
0 |
0 |
|a St. Louis
|b Mosby
|c 1998
|
| 300 |
0 |
0 |
|a xv, 1111 p.
|b ill.
|c 28 cm
|
| 500 |
0 |
0 |
|a Includes bibliographical references and index
|
| 650 |
0 |
0 |
|a Nursing care plans
|x Handbooks, manuals, etc.
|
| 650 |
0 |
0 |
|a Nursing assessment
|x Handbooks, manuals, etc.
|
| 650 |
0 |
0 |
|a Nursing
|x Planning
|x Handbooks, manuals, etc.
|
| 700 |
1 |
1 |
|a Gulanick
|h Meg
|
| 999 |
|
|
|a 0241851
|b INSAN
|d BOOKS
|e Rujukan
|f INSAN
|j AVAILABLE
|q GOOD CONDITION
|
| 999 |
|
|
|a 0241852
|b INSAN
|d BOOKS
|e Rujukan
|f INSAN
|j AVAILABLE
|q GOOD CONDITION
|
| 999 |
|
|
|a 0241853
|b INSAN
|d BOOKS
|e Rujukan
|f INSAN
|j AVAILABLE
|q GOOD CONDITION
|